| 000 | 01059nam a22003017a 4500 | ||
|---|---|---|---|
| 001 | 6058 | ||
| 003 | FISKH | ||
| 005 | 20250303154024.0 | ||
| 008 | 250303b cb ||||| |||| 00| 0 eng d | ||
| 020 | _a9780590629744 | ||
| 040 |
_aFISKH _beng _cFISKH _dFISKH |
||
| 050 | _aPZ7.B46626 W | ||
| 082 | _a484 | ||
| 100 |
_aBetancourt, Jeanne _d(1941-) |
||
| 245 |
_aPony pals : _bThe wild pony / _cJeanne Betancourt ; illustrated by Paul Bachem |
||
| 250 | _aThis edition first published in 1996 | ||
| 260 |
_aNew York : _bScholastic, _c1996 |
||
| 300 |
_a80 pages : _billustrations ; _c20 cm |
||
| 505 | _aP | ||
| 520 | _aDiscovering a skinny, neglected pony near a vacant house, the Pony Pals learn that the horse is being sold for salvage and that they will have to trespass on private property if they are to save him. | ||
| 521 | 8 |
_a620
_bLexile |
|
| 521 | 8 |
_aP
_bRaz-Plus |
|
| 650 |
_2Horses _aPony Pals |
||
| 650 |
_2Borrowed 2014 _aAnimal Fiction Level Q |
||
| 700 |
_aBachem, Paul _dillustrator |
||
| 942 |
_2ddc _cBK _n0 |
||
| 999 |
_c6058 _d6058 |
||